000 00816nam a2200241 i 4500
001 79760
003 ES-MaACL
005 20250910212612.0
007 t|
008 041025s1973 sp ||||1| spa d
100 1 _aHerrero, Javier.
_963268
245 1 4 _aLos orígenes del pensamiento reaccionario español /
_cJavier Herrero.
250 _a2ª ed.
260 _aMadrid :
_bCuadernos para el Diálogo,
_c1973.
300 _a409 p. ;
_c21 cm.
490 1 _aColección I.T.S. [Instituto de Técnicas Sociales]
650 0 4 _aIlustración-
_zEspaña
_913585
650 4 _aConservadurismo-
_zEspaña-
_yS.XVIII.
_9171763
710 2 _aCuadernos para el Diálogo.
_93333
830 1 _aColección I.T.S. [Instituto de Técnicas Sociales]
_9179830
852 _aES-MaACL
_jC-56292
999 _c79760
_d79760